Introduction to algorithms (Record no. 881817)

MARC details
000 -LEADER
fixed length control field 00464nam a2200157Ia 4500
008 - FIXED-LENGTH DATA ELEMENTS--GENERAL INFORMATION
fixed length control field 231011s2022 xx 000 0 und d
020 ## - INTERNATIONAL STANDARD BOOK NUMBER
International Standard Book Number 9780260000000
041 ## - LANGUAGE CODE
Language code of text/sound track or separate title eng
082 ## - DEWEY DECIMAL CLASSIFICATION NUMBER
Classification number 005.13/COR/LEI/RIV/STE
100 ## - MAIN ENTRY--PERSONAL NAME
Personal name Cormen, Thomas H.; Cormen, Thomas H.; Leiserson, Charles Eric; Rivest, Ronald L.
245 ## - TITLE STATEMENT
Title Introduction to algorithms
250 ## - EDITION STATEMENT
Edition statement 4 th Ed.
260 ## - PUBLICATION, DISTRIBUTION, ETC.
Place of publication, distribution, etc. Camridge London Enland
Name of publisher, distributor, etc. MIR Press
Date of publication, distribution, etc. 2022
300 ## - PHYSICAL DESCRIPTION
Extent 1291
365 ## - TRADE PRICE
Price amount 11624

No items available.